| 000 | 00740nam a22002057a 4500 | ||
|---|---|---|---|
| 003 | 0 | ||
| 005 | 20250107122436.0 | ||
| 008 | 250107b xxu||||| |||| 00| 0 eng d | ||
| 020 | _a978-1-138-20137-8 | ||
| 050 |
_aP53 _b.D53 2024 |
||
| 245 |
_aThe diagnosis of writing in a second or foreign language _bnew perspectives on language assessment series _cAri Huhta [and three others] |
||
| 260 |
_aNew York City _bRoutledge _cc2024 |
||
| 300 |
_axi, 334 pages ; _c23cm. |
||
| 504 | _aIncludes bibliographical references and index. | ||
| 650 | _aComposition (language arts)--study & teaching. | ||
| 650 | _aWriting--ability testing. | ||
| 650 | _alanguage & languages. | ||
| 650 | _aSecond language acquisition. | ||
| 942 |
_2lcc _cBK |
||
| 999 |
_c366908 _d366908 |
||